000 00539cam a2200205ua 4500
001 1313
008 110702n ii |||gr||||Z||||||eng
020 _a81-219-0260-6
040 _cMAIN
082 _a338.5
100 _aAhuja, H L.,
245 _aAdvance economic theory. :
_bmicroeconomic analysis /
_cBy H L Ahuja.
250 _a1st.
260 _aNew Delhi.:
_bSchand.,
_c2008.
300 _axvi, 1247 p.:
_c32 cm.
653 _aEconomics.
653 _aAdvance economic theory.
653 _amicroeconomic analysis
942 _cBK
999 _c1213
_d1213